[Event "Croatia GCT"]
[Site "Zagreb"]
[Date "2019.07.04"]
[Round "8"]
[White "Ding, Liren"]
[Black "Carlsen, Magnus"]
[Result "0-1"]
[WhiteElo "2805"]
[BlackElo "2875"]
[Annotator "Nielsen,Peter Heine"]
[PlyCount "118"]
[EventDate "2019.06.26"]
[EventType "tourn"]
[EventRounds "11"]
[EventCountry "CRO"]
[EventCategory "22"]
[SourceTitle "CBM 191"]
[Source "ChessBase"]
[SourceDate "2019.08.31"]
[SourceVersion "1"]
[SourceVersionDate "2019.08.31"]
[SourceQuality "1"]

{[%evp 0,47,19,31,14,-14,-11,0,0,-24,1,16,14,12,2,6,28,28,23,10,18,24,38,44,
107,125,94,109,97,126,197,145,87,89,105,-11,-37,-25,-10,-10,-31,-23,-8,0,30,
-27,-16,-10,3,2]} 1. d4 Nf6 2. c4 e6 3. Nf3 d5 4. g3 Be7 5. Bg2 O-O 6. O-O dxc4
7. Qc2 {Ding as often shows a great loyalty to his opening systems, and plays
his favourite line in the catalan.} b5 $5 {Until a few years back, 7...a6 was
considered mandatory, but now both 7 ...b6 and 7...c6 as well as the game move
have gained in popularity.} 8. a4 b4 9. Nfd2 $5 {White's most critical move,
intending to play a positional pawn sacrifice.} ({Interestingly, Magnus'
second for the 2018WC-match, the World Rapid Champion Daniil Dubov, as White
tried} 9. Nbd2 Bb7 10. Nxc4 c5 11. dxc5 Be4 12. Qd2 $5 {gaining a small
endgame edge vs. Nakamura in the Moscow Grand Prix.}) 9... Nd5 $5 {This is
however very rare, and stylistically very different from the main line.} (9...
c6 {when} 10. Nxc4 Qxd4 11. Rd1 Qc5 {gives White good compensation for the
pawn, again the recent action being from the Moscow Grand Prix with Grischuk
beating Nakamura as White.}) 10. Nxc4 c5 11. dxc5 Ba6 $1 {Technically the
novelty, Black used to take back on c5 in the few existing games. Magnus
afterwards admitted that this was preparations for the WC-match and it is
indeed typical "computer" chess where one pushes the position to its absolute
maximum relying on tactics.} 12. Ne3 {Ding, not having the comfort of having
checked this position with a computer, faced a difficult task evaluating the
numerous options. Many ideas looks tempting for White, but the assumption
being that the World Champion does not just play bad lines, one has to tread
very carefully.} (12. Rd1 {is very logical, but after} Nd7 13. c6 Rc8 14. Ne3
Ne5 $1 {Black has excellent counterplay.}) 12... Nd7 13. Nxd5 exd5 14. c6 (14.
Bxd5 Rc8 15. c6 Ne5 16. Rd1 {is just transposing to the line below.}) 14... Rc8
15. Bf4 {Ding keeps finding good moves.} (15. Rd1 Ne5 16. Bxd5 Nxc6 $1 17.
Bxf7+ Rxf7 18. Rxd8+ Bxd8 {is a strong queen sacrifice giving excellent
practical compensation, where the computer says White should better try
forcing a draw straightaway in order not to be worse.}) 15... Nc5 16. c7 Qd7
17. Nd2 g5 $5 {Continuing in the modern computer style, not caring for common
sense chess like17...Bd6 trying to round up the c7-pawn restoring material
equality, but again instead pushing the position to its limits.} 18. Be5 f6 19.
Bd4 Rxc7 20. Qd1 {Carlsen later said that while obviously he was happy being
in prep when his opponent was not, still his position did not leave him with
that much confidence.Objectively Black is OK, ()but White's position is easier
to play due to Black's weakened king and numerous pawn structure defects. So
Black has to keep putting maximum pressure before White consolidates.} Ne6 21.
Nb3 Bc4 $1 {An important move, disturbing just in time.} 22. Na5 ({If now} 22.
Be3 {, then} d4 $1 23. Nxd4 Nxd4 24. Bxd4 Rd8 {wins back the temporarily
sacrificed pawn with equality.}) 22... Nxd4 23. Qxd4 Kg7 $1 {A nice move,
removing the king from the light squares meaning that e.g. Bxd5 will now never
be a check, but noteworthy is that Magnus chooses the more active position on
g7 instead of the by sight safer place at h8. However, in the game
continuation it is obvious that protecting f6, and later being closer to the
centrum, are important factors.} 24. Rfc1 Bxe2 25. Rxc7 Qxc7 26. Re1 Bc5 27.
Qxd5 Re8 {White has no way of exploiting the pin in the e-line, and Ding has
to start caring about safety. Here, however, he miscalculates.} 28. Qb7 $6 (28.
Qc6 $1 {would be the correct way, the difference being after} Qxc6 29. Nxc6 Bh5
{White has} 30. Rc1 $1 {when he will manage to liquidate the queenside and
make a draw.}) 28... Qxb7 29. Nxb7 Bf8 {Now, however ,it is another matter, as
the game shows Black has excellent chances due to the queenside targets if the
rooks are exchanged.} 30. Bc6 $2 ({Magnus thus during the game felt that} 30.
Nd8 {was by far White's best move, and while} Rxd8 31. Rxe2 Rd1+ 32. Bf1 Bc5 {
still is not excactly pleasant for White, he seems to make a draw by exact
play, like} 33. Re4 b3 34. Rc4 Bd4 35. Rb4 Rd2 36. Rxb3 Bxf2+ 37. Kh1 {as
while Black obviously has some initiative, it should not be enough for the win.
}) 30... Re7 31. f3 Bc4 32. Rxe7+ Bxe7 {Blacks advantage is obvious, pair of
bishops, and targets on both wings to attack. Is it enough to win? I assume
its borderline, but to quote Larsen, practically what matters is if there is
winning chances.} 33. Kf2 f5 34. Ke3 Bg8 $1 {A beautiful move, that even
managed to get a praising Tweet from Giri. It exploits the whole board, and
thus exemplifies the difference between the knight and the bishop in mobility.}
35. Kd3 g4 $5 {35...Bf6 is met by 36 Nd6 securing sufficient counterplay. Now,
however, Magnus starts creating targets on the kingside, when ...h5 ...h4 will
be next. White's choice is between which kind of fortress to go for. Playing
f4 keeps the position closed, but risks the bishop landing on g1, while fxg4
exchanging pawns feels logical, but then leaves the black king a much easier
path to the opponent camp via the center.} 36. Na5 (36. fxg4 fxg4 37. Bb5 Bd5
38. Na5 Bc5 39. Bd7 h5 40. Nc6 Kf6) ({The right decision would actually have
been keeping positive thoughts and pushing the a-pawn to a6, starting with} 36.
a5 $1 {After} h5 37. a6 {not only is the white pawn much closer to queening
and thus Black has to be a bit more careful, but also is the knight stably
protected on b7. Black has several tries keeping practical chances, but
objectively the position seems drawn.}) 36... Bc5 {White's knight does get
rerouted back to the defences, but at the huge price of allowing the bishop to
penetrate on g1.} 37. Nc4 Bg1 38. Ne3 Be6 39. fxg4 fxg4 40. Ke2 {Tactically
White is OK, as 40...Bxh2 41.Kf2 threatens 42.Nf1, but Black of course instead
just increases the pressure having passified White completely.} h5 $1 41. Bd5
Bd7 42. Bb3 Bxh2 43. Kf2 h4 $1 44. gxh4 Be5 {In principle every exchange
should get White closer to the draw, but Black creating a passed pawn is a
much bigger factor.} 45. Nc4 g3+ 46. Kg1 Bf4 {It's been a common quote of
Magnus that he does not really believe in fortresses, a feeling letting him
down e.g.in the WC-game 4 vs Karjakin, but here everything is in order.
Black's king will enter easily.} 47. Bd1 Bc6 48. b3 Kh6 49. a5 Be4 50. Kf1 Kg7
51. Kg1 Kf6 52. Kf1 Ke6 53. h5 Kd5 54. a6 Kd4 55. Bg4 Kc3 56. Be6 (56. Bd1 {
only defends very temporarily as} g2+ 57. Kg1 Bd5 {puts White in a complete
zugzwang.}) 56... Bc2 57. Na5 Bc7 58. Nb7 Bd3+ 59. Kg1 Bxa6 $5 {My computer
says 59...Be4 is mate in 7, but criticising a move that forces instant
resignation is too much. An excellent game from Magnus, showing his skills in
all 3 phases of the game.} 0-1

[Event "Sinquefield Cup 7th"]
[Site "Saint Louis"]
[Date "2019.08.28"]
[Round "11"]
[White "Vachier Lagrave, Maxime"]
[Black "Carlsen, Magnus"]
[Result "0-1"]
[WhiteElo "2778"]
[BlackElo "2882"]
[Annotator "Nielsen,Peter Heine"]
[PlyCount "88"]
[EventDate "2019.08.17"]
[EventType "tourn"]
[EventRounds "9"]
[EventCountry "USA"]
[EventCategory "22"]
[SourceTitle "CBM 192"]
[Source "ChessBase"]
[SourceDate "2019.10.31"]
[SourceVersion "1"]
[SourceVersionDate "2019.10.31"]
[SourceQuality "1"]

{[%evp 0,71,19,38,40,41,51,32,72,38,11,13,23,27,60,54,57,30,35,5,0,-29,1,1,0,
-7,-1,-22,-16,-33,-9,-35,-38,-28,-30,-30,-14,-31,-46,-50,-53,-65,-68,-92,-92,
-135,-135,-141,-125,-251,-242,-242,-206,-216,-210,-224,-224,-233,-243,-222,
-202,-213,-200,-190,-200,-222,-209,-215,-232,-236,-246,-253,-288,-271] Having
started the tournament with 9 draws, Magnus chances of competing for first
place seemed theoretical, yet in the 10th round he got the exact results he
needed, not only winning his own game vs. So, but also the leaders faltering
meaning suddenly going into the last round there was actually a real chance!
Still, apart from Ding not winning his game, beating MVL with the black pieces
was not exactly an easy task, but at least the Frenchman also needed a win as
this was the only chance he had left for being in the top 4 of the Grand Chess
Tour standings meaning we had two players both willing to fight and take risks!
} 1. e4 c5 2. Nf3 Nc6 3. Bb5 {Maxime for many years was a big fan of 3.Nc3,
but recently seemed to have shifted to the Rossolimo. The popular choice among
the elite, Magnus faced it no less than 4(!) times in the Sinquefield Cup!} g6
4. Bxc6 bxc6 $5 {In the WC-match but also the previous tournaments Magnus went
for the more solid 4...dxc6, but earlier in the tournament he did experiment
with capturing towards the centre against Anand, so this more ambitious more
hardly came as a surprise to Vachier.} 5. d4 $5 {The main line, at least if
you look at number of games is 5 0-0, but Anand also played this more direct
approach against Magnus.} cxd4 ({Vishy was better after} 5... Bg7 6. dxc5 Qa5+
7. Nbd2 Qxc5 8. O-O d6 9. Re1 f6 10. a3 Nh6 11. b4 Qh5 12. c4 {, even if the
game ended in a solid draw.}) {Magnus, however, had not lost faith in Black's
positional potential, but alters the move order while striving for a similar
structure.} 6. Qxd4 f6 7. O-O d6 8. c4 c5 {The Indian prodigy Praggnanandhaa
played like this earlier this year in the B-group of Wijk Aan Zee, earning a
draw against the higher rated Kovalev. It's easy to see the attraction: Black
has a broad stabilised centre and the pair of bishops, in many ways leaving
the bigger burden on White, having to prove that his initiative is not only
temporary.} 9. Qd3 Bg7 10. b3 {Its hard to see why MVL did not play 10.Nc3
first.} Nh6 {But Magnus does not pick up the gauntlet, yet.} ({Maybe he just
wanted to tempt Black to play} 10... f5 {when} 11. e5 Bb7 12. Bb2 Nh6 13. Ng5
$5 {is an interesting pawn sacrifice aiming for the e6 square, before Black
manages to stabilize with ...Nf7.}) 11. Nc3 Rb8 12. Bd2 {At first sight maybe
a strange looking move, but not much action is expected on the long diagonal,
as Black plans to keep it close, while instead MVL has ambitions on the
kingside.} O-O 13. Rae1 Nf7 {A fascinating position. Modern chess suffers from
symmetry and too much balance, while here there is so much life and complexity.
Stockfish somewhat prefers White, suggesting moves like 14.Nh4!? preparing 15.
f4, when Black should either respond with ...e6 planning ...f5, or reroute the
knight to d4, via e5-c6. Its just a very interesting position, and Maxime adds
his own flavour, playing the ever so popular flank-pawn push!} 14. h4 $6 (14.
Nh4 $5 {[%cal Gf2f4]} e6 {[%cal Gf6f5]} (14... Ne5 {[%cal Ge5c6,Gc6d4]})) 14...
Rb7 $5 {As White did not want the bishop on the diagonal, Black chooses not to
financhetto his bishop but instead the rook! But there is logic: as Black
wants his bishop remaining on c8, eying the kingside and a potential ...f5,
why not just improve the rook's prospects? Still it is an extraordinary move,
at least to me. It's "mysterious" in many ways, illustrating perhaps that in
standard positions we have a good understanding based on experience of where
the pieces belong, while under extraordinary circumstances like this one, one
gets a more polarised view of the difference between an average grandmaster
and the World Champion. ...Rb7 never would have entered my mind, while the
game shows it makes sense, a lot of sense!} 15. h5 g5 {15...f5 also has logic,
but Magnus keeps the position closed for the moment, also the pawn at h5 can
now become a target, forcing White to act.} 16. Nh2 $6 {Probably like 14 h4?!
a step in the wrong direction.} ({The computer seems to indidate} 16. Ne2 {
[%cal Ge2g3,Gg3f5] rerouting the knight to the kingside and the f5 square
especially. Still the position is so complex and unfamiliar that both for the
players and commentators it is very hard to say. Black could then either
continioue with ...e6 covering the f5 square, ...Be6 intending ...Qd7 and ...
a5 but maybe best, just like with 14...Rb7!?, improving the position while
remaining flexible is the key, meaning} Kh8 $1 (16... Be6 {[%cal Gd8d7]}) (
16... e6 {[%csl Ge6][%cal Ge6f5]})) 16... Ne5 17. Qg3 Kh8 18. f4 {With
hindsight this is easy to criticize based on the result, but MVL is just
consistently following his planned concept.} gxf4 19. Bxf4 Rg8 20. Re3 Nc6 {
Vacating the diagonal as preparation for ...f5 when the e5 and d4 squares not
only become relevant for Black's knight, but certainly now also the bishop.} ({
The computer, however, prefers} 20... Qf8 $5 21. Qh4 Bh6 22. Rg3 Bxf4 23. Rxg8+
Kxg8 24. Qxf4 Nf7 $5 {with ...Qh6 or ...Qg7-g5 as the follow-up.}) 21. Qf2 f5
22. Nf3 $2 {Speaking with MVL just after the game, the Frenchman said he
thought his position here was already very bad. It is easy to understand why
one would think so, Black's position has enormous potential and the pieces are
about to spring to life.} ({But the computer does not suffer from such
generalisation, and just states that} 22. exf5 $1 Bxf5 (22... Bd4 23. Ne2 Bxe3
24. Bxe3 {gives White sufficient compensation for the exchange.}) 23. Rg3 {
really is no big deal.} {After} Qe8 (23... Bd4 {is now parried by} 24. Be3) {
White can play} 24. Ne2 $1 (24. h6 Bxc3 25. Rxc3 e5 {shows why the rook is
excellently placed on b7.}) 24... Qxh5 25. Rg5 Qf7 26. Be3 {with sufficient
compensation for the pawn, leading to an equal position.}) {Yet to stress it
once again: these positions are so unfamiliar, meaning the complexity of
playing them is uncomparable to more standard positions where one can rely on
experience.} 22... Bxc3 $1 {Exchanging the strong bishop for a knight that is
out of play!? Perhaps, but that just goes to show how one can easily create
false narratives in chess. In reality Black speeds up the attack by removing a
bishop that is A) in the way when Black wants to attack via the g-file, and B)
would be locked in behind its own pawns, when Black now in the following wants
to play ...e5 and ...f4.} 23. Rxc3 e5 24. Rd3 $5 {Maxime realises the severity
of his troubles, and tries complicating.} (24. Bh2 f4 {would be a positional
tragedy with Black doubling in the g-file, the knight reaching d4 etc. etc.
The computer instantly evaluates it as -4! indicating the hopelessness.}) 24...
exf4 $1 {Praising a World Champion for taking a piece is maybe to much, but
this does involve selfpinning his rook to be taken by a white pawn. Magnus
took his time reassuring himself that while at first sight it looks dangerous,
Black's king is safe and White's not:} 25. Qb2+ Rbg7 26. h6 fxe4 27. Rd2 ({
No tactics are working, the funniest try being} 27. hxg7+ Rxg7 28. Ne5 $5 {
, but} Nxe5 29. Qxe5 exd3 $1 {wins easily, not that it is the only way either.}
) 27... exf3 28. hxg7+ Rxg7 29. Rxf3 Qg5 {Generally the game is over. Magnus
has two minor pieces for the rook, and in the following reroutes the bishop
cleverly to the g8 square safeguarding his king.} 30. Rdf2 Nd4 31. Rxf4 Bf5 32.
b4 Be6 $1 33. Rf8+ Bg8 34. bxc5 dxc5 35. Qb8 Qe3 36. Qd6 {Threatening 37.Rxg8+
Rxg8 38 Qf6+ with a perpetual.} Qc1+ 37. Kh2 Qg5 38. Qd5 Qh4+ 39. Kg1 Qe7 {
Controlling e5, so there is no perpetual, also, Black creates threats of his
own.} 40. Qh5 Qe3 41. Qh4 Ne2+ 42. Kh1 (42. Kh2 Qe5+ {also instantly finishes
the game.}) 42... Qc1+ 43. Rf1 Ng3+ 44. Kg1 ({If} 44. Qxg3 {then Black
interpolates} Qxf1+ {before taking White's queen.}) 44... Qe3+ {And as 45 R1f2
Qe1+ 46 Rf1 Ne2+! wins the queen and mates at the same time, Maxime resigned.
This earned Magnus a what just 2 days earlier seemed a completely unlikely
playoff. A dicipline he has dominated to the extend that it almost became
mythical like he could never lose with his last loss dating back more than 10
years tgo his teenage days. yet Ding won, and did it in a convincing way.
While the result on the day was bad, it does however also put into perspective
what an achievement Magnus playoff streak was. It takes you to show up every
time giving your absolute best, even when a World Championship is at stake.}
0-1

[Event "Chess24 Banter Blitz Cup"]
[Site "chess24.com INT"]
[Date "2019.10.08"]
[Round "1.1"]
[White "Pichot, Alan"]
[Black "Carlsen, Magnus"]
[Result "0-1"]
[WhiteElo "2590"]
[BlackElo "2876"]
[PlyCount "114"]
[EventDate "2019.09.25"]
[EventType "k.o. (blitz)"]
[EventRounds "7"]
[EventCountry "USA"]
[SourceTitle "CBM 195 Extra"]
[Source "ChessBase"]
[SourceDate "2020.05.31"]
[SourceVersion "1"]
[SourceVersionDate "2020.05.31"]
[SourceQuality "1"]

1. e4 c5 2. Nf3 Nc6 3. d4 cxd4 4. Nxd4 Nf6 5. Nc3 e5 6. Ndb5 d6 7. Bg5 a6 8.
Na3 b5 9. Nd5 Be7 10. Bxf6 Bxf6 11. c3 O-O 12. Nc2 Rb8 13. g3 Bg5 14. h4 Bh6
15. Bh3 Bb7 16. O-O a5 17. Qd3 Ne7 18. Nce3 Bxe3 19. Nxe3 Qb6 20. Rad1 Rfd8 21.
Rd2 d5 22. exd5 Nxd5 23. Nxd5 Rxd5 24. Qe2 Rxd2 25. Qxd2 Rd8 26. Qe2 Qc6 27.
Kh2 Qd5 28. b3 g6 29. Re1 Qd2 30. Bg2 e4 31. Bxe4 Bxe4 32. Qxd2 Rxd2 33. Rxe4
Rxf2+ 34. Kh3 Rxa2 35. Re5 Rc2 36. Rxb5 Rxc3 37. Rxa5 Rxb3 38. Ra8+ Kg7 39. Ra6
Rb7 40. Kg2 f5 41. Kh3 Kh6 42. Kg2 Rb3 43. Ra7 Kh5 44. Ra4 Re3 45. Kf2 Re4 46.
Ra7 h6 47. Ra6 Rb4 48. Kf3 Rb3+ 49. Kg2 Rb2+ 50. Kf3 Rb4 51. Kg2 g5 52. hxg5
hxg5 53. Rf6 Kg4 54. Rf8 Rb2+ 55. Kf1 Rb3 56. Kf2 Rf3+ 57. Ke2 Rxg3 0-1

[Event "Chess24 Banter Blitz Cup"]
[Site "chess24.com INT"]
[Date "2019.10.08"]
[Round "1.2"]
[White "Carlsen, Magnus"]
[Black "Pichot, Alan"]
[Result "1-0"]
[WhiteElo "2876"]
[BlackElo "2590"]
[PlyCount "91"]
[EventDate "2019.09.25"]
[EventType "k.o. (blitz)"]
[EventRounds "7"]
[EventCountry "USA"]
[SourceTitle "CBM 195 Extra"]
[Source "ChessBase"]
[SourceDate "2020.05.31"]
[SourceVersion "1"]
[SourceVersionDate "2020.05.31"]
[SourceQuality "1"]

1. e4 c5 2. Na3 g6 3. h4 d5 4. exd5 Qxd5 5. h5 Bg7 6. Nf3 Nc6 7. Bc4 Qd8 8. d3
Nh6 9. c3 Nf5 10. Nc2 Nd6 11. Bb3 Na5 12. Bf4 Nxb3 13. axb3 b6 14. d4 cxd4 15.
Ncxd4 Bb7 16. Qe2 O-O 17. hxg6 hxg6 18. Be5 Ne4 19. Qe3 f6 20. Ne6 Qd5 21. Nxg7
fxe5 22. Qh6 Rxf3 23. gxf3 Kf7 24. Rg1 Qc6 25. fxe4 Qxe4+ 26. Kd2 Rd8+ 27. Kc1
Qd3 28. Ne6 Kxe6 29. Qxg6+ Qxg6 30. Rxg6+ Kf5 31. Rg7 Bf3 32. Rxa7 Rd1+ 33. Kc2
Rf1 34. c4 Rxf2+ 35. Kc3 e4 36. Raxe7 Kf4 37. Rgf7+ Ke3 38. Rf6 Rf1 39. Rxb6
Rc1+ 40. Kb4 Rh1 41. Rbe6 Rh2 42. c5 Rxb2 43. c6 Rc2 44. c7 Ke2 45. Rxe4+ Bxe4
46. Rxe4+ 1-0

[Event "Chess24 Banter Blitz Cup"]
[Site "chess24.com INT"]
[Date "2019.10.08"]
[Round "1.3"]
[White "Pichot, Alan"]
[Black "Carlsen, Magnus"]
[Result "1-0"]
[WhiteElo "2590"]
[BlackElo "2876"]
[PlyCount "69"]
[EventDate "2019.09.25"]
[EventType "k.o. (blitz)"]
[EventRounds "7"]
[EventCountry "USA"]
[SourceTitle "CBM 195 Extra"]
[Source "ChessBase"]
[SourceDate "2020.05.31"]
[SourceVersion "1"]
[SourceVersionDate "2020.05.31"]
[SourceQuality "1"]

1. e4 e6 2. d4 d5 3. Nc3 h6 4. Nf3 Nf6 5. Bd3 Bb4 6. exd5 exd5 7. O-O O-O 8.
Ne2 Bd6 9. h3 Re8 10. Bf4 c6 11. Bxd6 Qxd6 12. Ne5 c5 13. c3 Nc6 14. f4 cxd4
15. cxd4 Ne4 16. Rc1 Bf5 17. Qa4 Ne7 18. Qa3 Qxa3 19. bxa3 f6 20. Nf3 Nd2 21.
Bxf5 Nxf5 22. Nxd2 Rxe2 23. Rf2 Nxd4 24. Rc5 Rae8 25. Nb3 Nf5 26. g4 Re1+ 27.
Kh2 Ne3 28. Nd4 Re4 29. Nf3 Rd1 30. f5 d4 31. Rc8+ Kh7 32. Nh4 h5 33. Ng6 Kh6
34. Rh8+ Kg5 35. Rxh5# 1-0